00302nam a2200121Ia 4500008004100000041000800041082001200049100002000061245002000081260003800101300003000139365001100169240624s9999 xx 000 0 und d aeng a920 McD aMCDONALD HAMISH aAMBANI AND SONS c2013aNew DelhibLotus Roli Books axi, : 396 : p. : cm. ; 21 cRSb25